[Event "Leiden LCT op 2nd"]
[Site "Leiden"]
[Date "2008.07.11"]
[Round "1"]
[White "Bongers, Erik"]
[Black "Wohl, Aleksandar H"]
[Result "0-1"]
[WhiteElo "2031"]
[BlackElo "2384"]
[PlyCount "26"]
[EventDate "2008.07.11"]
[EventType "swiss"]
[EventRounds "9"]
[EventCountry "NED"]
[SourceTitle "CBM 125 Extra"]
[Source "ChessBase"]
[SourceDate "2008.09.01"]
[SourceVersion "1"]
[SourceVersionDate "2008.09.01"]
[SourceQuality "1"]

1. e4 e5 2. Nf3 Nc6 3. c3 Nf6 4. d4 Nxe4 5. d5 Ne7 6. Nxe5 Ng6 7. Qd4 f5 8.
Nxg6 hxg6 9. Qe5+ Kf7 10. d6 Bxd6 11. Bc4+ Kf8 12. Qd5 Qe7 13. Be2 Bc5 0-1

[Event "Udine Oro Caffe op 1st"]
[Site "Udine"]
[Date "2008.07.09"]
[Round "5"]
[White "Picco, Ruggero"]
[Black "Zuttioni, Federico"]
[Result "1-0"]
[WhiteElo "2128"]
[BlackElo "1746"]
[PlyCount "91"]
[EventDate "2008.07.05"]
[EventType "swiss"]
[EventRounds "6"]
[EventCountry "ITA"]
[SourceTitle "EXT 2010"]
[Source "ChessBase"]
[SourceDate "2009.11.30"]
[SourceVersion "1"]
[SourceVersionDate "2009.11.30"]
[SourceQuality "1"]

1. e4 e5 2. Nf3 Nc6 3. c3 d5 4. Bb5 dxe4 5. Nxe5 Qd5 6. Qa4 Nge7 7. d4 exd3 8.
Nf3 Bf5 9. O-O O-O-O 10. Bc4 Qd7 11. Be3 Nd5 12. Bxa7 Nxa7 13. Qxa7 Nb6 14. a4
Qd6 15. Bb5 Nd7 16. a5 Be4 17. Nbd2 Bc6 18. Bxc6 Qxc6 19. Qa8+ Nb8 20. Ne5 Qf6
21. Ndc4 Bd6 22. a6 Bxe5 23. Qxb7+ Kd7 24. Nxe5+ Qxe5 25. Rfe1 Qf5 26. a7 Nc6
27. a8=Q Rxa8 28. Rxa8 d2 29. Rd1 Qc2 30. Raa1 Rb8 31. Qa6 Rxb2 32. Qc4 Qf5 33.
Ra2 Qb1 34. Ra1 Qf5 35. h3 Ne5 36. Qd5+ Ke7 37. Rxd2 Rxd2 38. Qxd2 f6 39. Rd1
Kf7 40. Qa2+ Ke7 41. Qd5 c6 42. Qd6+ Kf7 43. Qd4 Qg5 44. Kh1 Qf5 45. f4 c5 46.
Qd5+ 1-0

[Event "St Veit op"]
[Site "St Veit"]
[Date "2008.07.09"]
[Round "5"]
[White "Praznik, Niko"]
[Black "Dietmayer Kraeutler, Marco"]
[Result "1-0"]
[WhiteElo "2371"]
[BlackElo "2325"]
[PlyCount "121"]
[EventDate "2008.07.05"]
[EventType "swiss"]
[EventRounds "9"]
[EventCountry "AUT"]
[SourceTitle "CBM 125 Extra"]
[Source "ChessBase"]
[SourceDate "2008.09.01"]
[SourceVersion "1"]
[SourceVersionDate "2008.09.01"]
[SourceQuality "1"]

1. e4 e5 2. Nf3 Nc6 3. c3 Nf6 4. d3 Be7 5. Be2 O-O 6. O-O d5 7. Nbd2 h6 8. b4
a6 9. Bb2 Be6 10. a3 Nd7 11. Re1 Bf6 12. Nf1 b5 13. exd5 Bxd5 14. c4 Be6 15.
Qc2 Nd4 16. Nxd4 exd4 17. Bf3 Rb8 18. c5 Ne5 19. Be4 Qd7 20. f4 Nc6 21. Qf2
Rbd8 22. Ng3 g6 23. Bc1 Kg7 24. Bd2 Ne7 25. f5 Bxf5 26. Rf1 Bg5 27. Bxg5 hxg5
28. Bxf5 Nxf5 29. Nxf5+ gxf5 30. Qxf5 Qxf5 31. Rxf5 Kg6 32. Re5 Rd7 33. Rae1
Rfd8 34. Kf2 Kf6 35. Kf3 c6 36. Kg4 Rd5 37. Re7 R8d7 38. Rxd7 Rxd7 39. Re8 Rc7
40. Rd8 Re7 41. Rxd4 Re2 42. Kf3 Ra2 43. Rd6+ Ke7 44. Rxc6 Rxa3 45. Ke4 Ra4 46.
d4 Rxb4 47. Rxa6 Rb2 48. Ra7+ Kf6 49. Kd5 Rxg2 50. c6 Rxh2 51. c7 Rh8 52. Rb7
Rc8 53. Kc6 g4 54. Rxb5 g3 55. Rb2 Kf5 56. d5 Rg8 57. Rg2 Ke4 58. d6 Kf3 59.
Rg1 Kf2 60. Rb1 g2 61. d7 1-0

[Event "Corsica-ch"]
[Site "Corsica"]
[Date "2008.07.08"]
[Round "7"]
[White "Humeau, Cyril"]
[Black "Cristofari, Antoine"]
[Result "1/2-1/2"]
[WhiteElo "2170"]
[BlackElo "2141"]
[PlyCount "64"]
[EventDate "2008.05.31"]
[EventType "swiss"]
[EventRounds "9"]
[EventCountry "FRA"]
[SourceTitle "EXT 2009"]
[Source "ChessBase"]
[SourceDate "2008.11.26"]
[SourceVersion "1"]
[SourceVersionDate "2008.11.26"]
[SourceQuality "1"]

1. e4 e5 2. Nf3 Nc6 3. c3 Qf6 4. Bb5 d6 5. d4 Bd7 6. O-O h6 7. Be3 a6 8. Bd3
Nge7 9. Nbd2 g5 10. d5 Nd8 11. c4 Ng6 12. b4 Nf4 13. Ne1 b6 14. Nb3 h5 15. c5
bxc5 16. bxc5 g4 17. cxd6 cxd6 18. Rc1 h4 19. Rc7 g3 20. fxg3 hxg3 21. hxg3 Qh6
22. gxf4 Qh2+ 23. Kf2 exf4 24. Bd4 Qg3+ 25. Kg1 Qh2+ 26. Kf2 Qg3+ 27. Kg1 Qh2+
28. Kf2 Qg3+ 29. Kg1 Qh2+ 30. Kf2 Qg3+ 31. Kg1 Qh2+ 32. Kf2 Qg3+ 1/2-1/2

[Event "RF-2008-0-00013"]
[Site "Lechenicher SchachServer"]
[Date "2008.07.08"]
[Round "?"]
[White "Tellore, Shyam Sundar"]
[Black "Nash, Chris"]
[Result "0-1"]
[WhiteElo "982"]
[BlackElo "972"]
[PlyCount "110"]
[EventDate "2008.06.09"]

1. e4 e5 2. Nf3 Nc6 3. c3 Nf6 4. d4 Nxe4 5. Qe2 d5 6. dxe5 Bg4 7. Nbd2 Nxd2 8.
Bxd2 Qd7 9. Bg5 Be7 10. Qe3 Bxf3 11. gxf3 Bxg5 12. Qxg5 Rg8 13. O-O-O h6 14.
Qh4 Qe6 15. Bh3 Qe7 16. Qa4 Qg5+ 17. Kb1 Rd8 18. Rhg1 Qh5 19. Bg4 Qg6+ 20. Ka1
Kf8 21. h4 Qh7 22. h5 g5 23. hxg6 fxg6 24. Be6 Rg7 25. Qf4+ Ke8 26. Bxd5 g5 27.
Qf6 Re7 28. Bxc6+ bxc6 29. Qxc6+ Red7 30. Rxd7 Qxd7 31. Qxd7+ Rxd7 32. Rh1 Rh7
33. Kb1 Ke7 34. Kc2 Ke6 35. Re1 h5 36. Kd3 Kf5 37. Re4 h4 38. Ke3 h3 39. e6 Re7
40. f4 Rxe6 41. Rxe6 Kxe6 42. f5+ Kxf5 43. Kf3 g4+ 44. Kg3 Kg5 45. a4 Kf5 46.
f3 gxf3 47. Kxf3 h2 48. Kg2 Ke4 49. Kxh2 Kd3 50. Kg3 Kc2 51. Kf4 Kxb2 52. Ke5
Kxc3 53. Kd5 Kb4 54. Kc6 a5 55. Kxc7 Kxa4 0-1

[Event "DMP - Ekstraliga Juniorow'2008"]
[Site "Gorzow Wielkopolski"]
[Date "2008.07.07"]
[Round "3.1"]
[White "Galazewski, Tomasz"]
[Black "Leniart, Arkadiusz"]
[Result "0-1"]
[WhiteElo "2210"]
[BlackElo "2391"]
[PlyCount "71"]
[EventDate "2008.??.??"]
[EventRounds "9"]
[SourceTitle "OM OTB B 201907"]
[Source "Opening Master"]
[SourceDate "2019.07.06"]
[SourceVersion "2"]
[SourceVersionDate "2019.07.06"]
[SourceQuality "1"]

1. e4 e5 2. Nf3 Nc6 3. c3 Nf6 4. d4 d5 5. Bb5 exd4 6. Nxd4 Bd7 7. exd5 Nxd4 8.
Bxd7+ Qxd7 9. Qxd4 Qxd5 10. Qxd5 Nxd5 11. O-O O-O-O 12. g3 Be7 13. Nd2 Rhe8 14.
Nf3 h6 15. Bd2 Bf6 16. Rfe1 Nb6 17. Rxe8 Rxe8 18. b3 Nd7 19. Re1 Rd8 20. c4 Ne5
21. Nxe5 Rxd2 22. Nxf7 Rxa2 23. Re3 a5 24. Ne5 Bxe5 25. Rxe5 Ra3 26. f4 b6 27.
c5 Kd7 28. cxb6 cxb6 29. Rf5 Rxb3 30. Rf7+ Ke6 31. Rxg7 a4 32. Ra7 a3 33. Kf2
Rb2+ 34. Ke3 a2 35. Kd3 Rxh2 36. f5+ 0-1

[Event "Udine Oro Caffe op 1st"]
[Site "Udine"]
[Date "2008.07.07"]
[Round "3"]
[White "Miseri, Paolo"]
[Black "Pecchiari, Alberto"]
[Result "1-0"]
[WhiteElo "1491"]
[BlackElo "1419"]
[PlyCount "83"]
[EventDate "2008.07.05"]
[EventType "swiss"]
[EventRounds "6"]
[EventCountry "ITA"]
[SourceTitle "EXT 2010"]
[Source "ChessBase"]
[SourceDate "2009.11.30"]
[SourceVersion "1"]
[SourceVersionDate "2009.11.30"]
[SourceQuality "1"]

1. e4 e5 2. Nf3 Nc6 3. c3 d5 4. exd5 Qxd5 5. d3 Nf6 6. Be2 Bf5 7. O-O O-O-O 8.
Ne1 Qe6 9. Bg5 h6 10. Bxf6 Qxf6 11. Bg4 Kb8 12. Bxf5 Qxf5 13. Qa4 Bd6 14. Nd2
h5 15. Qe4 Qe6 16. Qc4 Qg6 17. Ne4 Be7 18. Rd1 f5 19. Nc5 Bxc5 20. Qxc5 Rd6 21.
b4 b6 22. Qe3 f4 23. Qc1 Rf8 24. Nf3 Rfd8 25. b5 Ne7 26. Nxe5 Qf5 27. d4 g5 28.
f3 Rg8 29. a4 Nd5 30. c4 Ne7 31. Rfe1 Re6 32. Nd7+ Kc8 33. Rxe6 Qxe6 34. Ne5
Qf6 35. c5 Kb7 36. cxb6 axb6 37. Qc4 Qg7 38. Rc1 Nf5 39. Qc6+ Kb8 40. Nd7+ Ka7
41. Qxc7+ Ka8 42. Nxb6# 1-0

[Event "open 2008"]
[Site "Karvina, Czech republic"]
[Date "2008.07.05"]
[Round "8.24"]
[White "Reznicek, Marcel"]
[Black "Pecha, Vladan"]
[Result "1-0"]
[WhiteElo "2138"]
[BlackElo "1831"]
[PlyCount "45"]
[EventDate "2008.06.28"]
[EventRounds "9"]
[EventCountry "CZE"]
[SourceTitle "OM OTB B 201907"]
[Source "Opening Master"]
[SourceDate "2019.07.06"]
[SourceVersion "2"]
[SourceVersionDate "2019.07.06"]
[SourceQuality "1"]

1. e4 e5 2. Nf3 Nc6 3. c3 d5 4. Qa4 Bd7 5. exd5 Nd4 6. Qd1 Nxf3+ 7. Qxf3 Nf6 8.
c4 Bd6 9. Qb3 Ne4 10. d3 Nc5 11. Qc2 O-O 12. Nc3 Re8 13. Ne4 Nxe4 14. dxe4 c6
15. Be2 cxd5 16. exd5 Rc8 17. O-O b5 18. b3 bxc4 19. bxc4 Qa5 20. Bd3 Bb5 21.
Bd2 Bb4 22. Bxb4 Qxb4 23. Rfb1 1-0

[Event "Kowalewo Pomorskie op"]
[Site "Kowalewo Pomorskie"]
[Date "2008.07.04"]
[Round "1"]
[White "Sosnowski, Daniel"]
[Black "Murawski, Wieslaw"]
[Result "0-1"]
[WhiteElo "1959"]
[BlackElo "2097"]
[PlyCount "98"]
[EventDate "2008.07.04"]
[EventType "swiss"]
[EventRounds "9"]
[EventCountry "POL"]
[SourceTitle "CBM 125 Extra"]
[Source "ChessBase"]
[SourceDate "2008.09.01"]
[SourceVersion "1"]
[SourceVersionDate "2008.09.01"]
[SourceQuality "1"]

1. e4 e5 2. Nf3 Nc6 3. c3 Nf6 4. d4 Nxe4 5. d5 Ne7 6. Nxe5 Ng6 7. Nxg6 hxg6 8.
Bd3 Nc5 9. Qe2+ Be7 10. Bc2 O-O 11. O-O d6 12. Be3 Nd7 13. Nd2 Nb6 14. Bxb6
axb6 15. a3 Bf5 16. Bxf5 gxf5 17. f4 Qd7 18. Rae1 Rfe8 19. Qd3 Bf6 20. Nf3 g6
21. Rxe8+ Rxe8 22. Re1 Rxe1+ 23. Nxe1 Qa4 24. Qd2 Qe4 25. Nc2 Kg7 26. g3 b5 27.
Qg2 Qd3 28. h3 Kf8 29. Nb4 Qd1+ 30. Kf2 g5 31. Qf3 Qb1 32. Qe2 gxf4 33. gxf4
Qh1 34. Kg3 Qg1+ 35. Qg2 Bh4+ 36. Kf3 Qe1 37. Qc2 Qg3+ 38. Ke2 Qf2+ 39. Kd3
Qf3+ 40. Kd2 Qxf4+ 41. Ke2 Qf2+ 42. Kd3 Qf3+ 43. Kd2 Bg5+ 44. Ke1 Qh1+ 45. Ke2
Qxh3 46. Qd3 Qg2+ 47. Ke1 Qxb2 48. Qxf5 Qxc3+ 49. Kf1 Qf6 0-1

[Event "open 2008"]
[Site "Karvina, Czech republic"]
[Date "2008.07.03"]
[Round "6.23"]
[White "Reznicek, Marcel"]
[Black "Miturova, Magdalena"]
[Result "0-1"]
[WhiteElo "2138"]
[BlackElo "1878"]
[PlyCount "68"]
[EventDate "2008.06.28"]
[EventRounds "9"]
[EventCountry "CZE"]
[SourceTitle "OM OTB B 201907"]
[Source "Opening Master"]
[SourceDate "2019.07.06"]
[SourceVersion "2"]
[SourceVersionDate "2019.07.06"]
[SourceQuality "1"]

1. e4 e5 2. Nf3 Nc6 3. c3 Nf6 4. d4 Nxe4 5. d5 Ne7 6. Nxe5 Ng6 7. Bd3 Nxe5 8.
Bxe4 Bc5 9. Qe2 O-O 10. O-O d6 11. h3 f5 12. Bf3 f4 13. Nd2 Qh4 14. Ne4 Bb6 15.
a4 a5 16. b4 Bf5 17. Bb2 Rae8 18. Rae1 Re7 19. c4 Nxf3+ 20. Qxf3 Rfe8 21. c5
Bxe4 22. Rxe4 Rxe4 23. cxb6 cxb6 24. bxa5 bxa5 25. Qc3 Qg5 26. Qxa5 f3 27. g3
Rh4 28. Qc3 Rxh3 29. Qxf3 Rf8 30. Qg2 Rh5 31. Rd1 Qg4 32. Rd4 Qe2 33. Bc3 Rhf5
34. f4 Qe3+ 0-1

[Event "open 2008"]
[Site "Karvina, Czech republic"]
[Date "2008.07.03"]
[Round "6.17"]
[White "Heczko, Mieczyslaw"]
[Black "Pecha, Tomas"]
[Result "0-1"]
[WhiteElo "1928"]
[BlackElo "2125"]
[PlyCount "96"]
[EventDate "2008.06.28"]
[EventRounds "9"]
[EventCountry "CZE"]
[SourceTitle "OM OTB B 201907"]
[Source "Opening Master"]
[SourceDate "2019.07.06"]
[SourceVersion "2"]
[SourceVersionDate "2019.07.06"]
[SourceQuality "1"]

1. e4 e5 2. Nf3 Nc6 3. c3 d6 4. h3 Nf6 5. Qc2 Qe7 6. Bc4 h6 7. O-O g5 8. d4 g4
9. Nh2 gxh3 10. d5 hxg2 11. Re1 Nb8 12. f4 Ng4 13. Nxg4 Bxg4 14. Qf2 Nd7 15.
Bb5 Bg7 16. f5 Bf6 17. Qxg2 O-O-O 18. Bxd7+ Kxd7 19. Nd2 Rhg8 20. Kf1 Bh4 21.
Re3 Bxf5 22. Qh2 Bg5 23. Rf3 Bg4 24. Rf2 Bf4 25. Rxf4 exf4 26. Qxf4 Qh4 27. Nf3
Qh1+ 28. Kf2 Bxf3 29. Qf5+ Ke8 30. Qxf3 Qg1+ 31. Ke2 Qh2+ 32. Kd3 Rg3 33. Qe3
Qg1 34. Qxg3 Qxg3+ 35. Be3 h5 36. b4 h4 37. Rg1 Qf3 38. Kd4 h3 39. Rg8+ Kd7 40.
Rg5 a6 41. a4 b5 42. axb5 axb5 43. e5 dxe5+ 44. Rxe5 h2 45. Bg5 f6 46. Re6 Kc8
47. d6 Qg4+ 48. Kd5 Qc4# 0-1

[Event "OPEN DURAS BVK FIDE"]
[Site "Brno, Hotel Bobycentrum, Spor"]
[Date "2008.07.02"]
[Round "4.8"]
[White "Balazec, Ludovit"]
[Black "Senkyr, Martin"]
[Result "1/2-1/2"]
[WhiteElo "2080"]
[BlackElo "2150"]
[PlyCount "103"]
[EventDate "2008.06.29"]
[EventRounds "9"]
[EventCountry "CZE"]
[SourceTitle "OM OTB B 201907"]
[Source "Opening Master"]
[SourceDate "2019.07.06"]
[SourceVersion "2"]
[SourceVersionDate "2019.07.06"]
[SourceQuality "1"]

1. e4 e5 2. Nf3 Nc6 3. c3 Nf6 4. d4 d5 5. Bb5 Nxe4 6. Nxe5 Bd7 7. Bxc6 bxc6 8.
O-O Bd6 9. f3 Nf6 10. Nxd7 Qxd7 11. Re1+ Be7 12. Qe2 Kf8 13. Bd2 c5 14. Qa6 c6
15. b4 c4 16. Na3 Qc8 17. Qxc8+ Rxc8 18. Nc2 Bd6 19. Re2 h6 20. Rae1 g6 21. g4
Kg7 22. Kg2 Rce8 23. Rxe8 Rxe8 24. g5 hxg5 25. Rxe8 Nxe8 26. Bxg5 Nc7 27. a4 a6
28. Bd2 Ne6 29. a5 g5 30. Ne3 Kg6 31. Nd1 Bf4 32. Bxf4 Nxf4+ 33. Kf1 Kh5 34.
Ne3 Kh4 35. Nf5+ Kh3 36. Ne7 Kxh2 37. Nxc6 Ne6 38. b5 axb5 39. a6 Nc7 40. a7
Kg3 41. Ke2 g4 42. fxg4 Kxg4 43. Ne5+ Kf5 44. Nxf7 Ke6 45. Ne5 Kd6 46. Kf3 Na8
47. Kf4 Kc7 48. Kf5 Kb7 49. Ke6 Nb6 50. Kd6 Kxa7 51. Kc6 Ka6 52. Nxc4 1/2-1/2

[Event "FICGS__CHESS__CLASS_G__000022"]
[Site "FICGS"]
[Date "2008.07.02"]
[Round "1"]
[White "Melquiades, Jay"]
[Black "Barradas, Anderson"]
[Result "0-1"]
[WhiteElo "995"]
[BlackElo "1239"]
[PlyCount "38"]
[EventDate "2008.??.??"]

1. e4 e5 2. Nf3 Nc6 3. c3 Nf6 4. d3 Bd6 5. Bg5 O-O 6. Be2 Be7 7. h4 d6 8. Nbd2
Nh5 9. Bxe7 Qxe7 10. Ng5 Nf4 11. d4 Nxg2+ 12. Kf1 Nxh4 13. Ndf3 Nxf3 14. Nxf3
Qf6 15. dxe5 dxe5 16. Nh4 Qf4 17. Qb3 Bg4 18. Bxg4 Qxg4 19. Qxb7 Qxe4 0-1

[Event "FIN-ch op"]
[Site "Naantali"]
[Date "2008.07.??"]
[Round "9"]
[White "Laato, Samuli"]
[Black "Alkkiomaki, Jyrki"]
[Result "1-0"]
[WhiteElo "2035"]
[BlackElo "2053"]
[PlyCount "77"]
[EventDate "2008.07.??"]
[EventType "swiss"]
[EventRounds "9"]
[EventCountry "FIN"]
[SourceTitle "EXT 2010"]
[Source "ChessBase"]
[SourceDate "2009.11.30"]
[SourceVersion "1"]
[SourceVersionDate "2009.11.30"]
[SourceQuality "1"]

1. e4 e5 2. Nf3 Nc6 3. c3 d5 4. Bb5 dxe4 5. Bxc6+ bxc6 6. Nxe5 Qg5 7. Qa4 Qxg2
8. Qxc6+ Kd8 9. Qd5+ Bd6 10. Nxf7+ Ke8 11. Nxd6+ cxd6 12. Rf1 Rb8 13. Qxd6 Rb6
14. Qg3 Rg6 15. Qxg2 Rxg2 16. c4 Nh6 17. d3 exd3 18. Bxh6 gxh6 19. Nc3 Rf8 20.
Rd1 Rxh2 21. Ne4 Be6 22. Rxd3 Rf4 23. Re3 Kf8 24. b3 Bf5 25. Nd6 Bh3 26. Rg1
Bd7 27. Re2 Rd4 28. c5 Rh5 29. Re4 Rxe4+ 30. Nxe4 Re5 31. f3 Bf5 32. c6 Bxe4
33. fxe4 Rxe4+ 34. Kd2 Re7 35. b4 Kf7 36. Kd3 Rc7 37. b5 Ke6 38. Kd4 Kd6 39.
Rh1 1-0

[Event "It (open)"]
[Site "Klatovy (Czech Republic)"]
[Date "2008.07.??"]
[Round "?"]
[White "Skopec, Lubos"]
[Black "Novak, Jaromir"]
[Result "1/2-1/2"]
[WhiteElo "1865"]
[BlackElo "2003"]
[PlyCount "86"]
[EventDate "2008.??.??"]
[EventCountry "CZE"]
[SourceTitle "OM OTB B 201907"]
[Source "Opening Master"]
[SourceDate "2019.07.06"]
[SourceVersion "2"]
[SourceVersionDate "2019.07.06"]
[SourceQuality "1"]

1. e4 e5 2. Nf3 Nc6 3. c3 Nf6 4. d4 exd4 5. e5 Ng8 6. cxd4 d5 7. Bb5 Bb4+ 8.
Bd2 Bxd2+ 9. Qxd2 Bd7 10. Nc3 a6 11. Ba4 Nce7 12. Bc2 Bf5 13. O-O Bxc2 14. Qxc2
Nh6 15. Rfe1 O-O 16. Ng5 Ng6 17. f4 Re8 18. h4 Nf8 19. Qb3 c6 20. Qxb7 Qc8 21.
Qxc8 Raxc8 22. g3 Rb8 23. b3 Nf5 24. Ne2 Rb4 25. Rac1 Rc8 26. Red1 a5 27. Kf2
a4 28. Rc3 h5 29. Rd2 Ne6 30. Nxe6 fxe6 31. Ke1 Kf7 32. Kd1 Ke7 33. Kc1 Kd7 34.
Kb2 axb3 35. Rxb3 Rcb8 36. Rdd3 Kc7 37. a3 Ra4 38. Rxb8 Kxb8 39. Kb3 Ra7 40.
Rc3 Kc7 41. a4 Rb7+ 42. Ka3 Rb1 43. Rd3 Ra1+ 1/2-1/2

[Event "Karl Mala Memorial op 11th"]
[Site "Frankfurt"]
[Date "2008.06.28"]
[Round "4"]
[White "Wuestehube, Harry"]
[Black "Reyer, Ulli"]
[Result "1/2-1/2"]
[WhiteElo "2020"]
[BlackElo "2176"]
[PlyCount "20"]
[EventDate "2008.06.26"]
[EventType "swiss"]
[EventRounds "7"]
[EventCountry "GER"]
[SourceTitle "CBM 125 Extra"]
[Source "ChessBase"]
[SourceDate "2008.09.01"]
[SourceVersion "1"]
[SourceVersionDate "2008.09.01"]
[SourceQuality "1"]

1. e4 e5 2. Nf3 Nc6 3. c3 Nf6 4. d4 Nxe4 5. d5 Ne7 6. Nxe5 Ng6 7. Nxg6 hxg6 8.
Bd3 Nf6 9. Qe2+ Qe7 10. Qxe7+ Bxe7 1/2-1/2

[Event "TUR-chT"]
[Site "Kocaeli"]
[Date "2008.06.24"]
[Round "1"]
[White "Uzun, Sarp"]
[Black "Kanli, Kaan"]
[Result "1/2-1/2"]
[WhiteElo "1988"]
[BlackElo "1972"]
[PlyCount "76"]
[EventDate "2008.06.24"]
[EventType "team"]
[EventRounds "15"]
[EventCountry "TUR"]
[SourceTitle "CBM 125 Extra"]
[Source "ChessBase"]
[SourceDate "2008.09.01"]
[SourceVersion "1"]
[SourceVersionDate "2008.09.01"]
[SourceQuality "1"]

1. e4 e5 2. Nf3 Nc6 3. c3 Nf6 4. d4 Nxe4 5. d5 Nb8 6. Qe2 Nf6 7. Nxe5 Be7 8.
Qd3 O-O 9. Be2 d6 10. Nf3 Bg4 11. Qb5 Qc8 12. O-O Nbd7 13. h3 Bh5 14. Bg5 Re8
15. Nbd2 Nb6 16. Bxf6 Bxf6 17. Bd3 Bg6 18. Bxg6 hxg6 19. Nc4 a6 20. Qb3 Nxc4
21. Qxc4 Qd7 22. Rfe1 Kf8 23. Rxe8+ Rxe8 24. Re1 Rxe1+ 25. Nxe1 Ke8 26. Qb4 Qb5
27. Qxb5+ axb5 28. Nd3 Kd7 29. Kf1 c6 30. dxc6+ bxc6 31. Ke2 c5 32. Nf4 Kc6 33.
Kd3 d5 34. Ne2 Be7 35. Ke3 Bd6 36. Kd3 Be7 37. Ke3 Bd6 38. Kd3 Be7 1/2-1/2

[Event "FICS rated standard game"]
[Site "FICS freechess.org"]
[Date "2008.06.23"]
[Round "?"]
[White "AIchess"]
[Black "bpwj"]
[Result "0-1"]
[WhiteElo "2147"]
[BlackElo "2500"]
[PlyCount "58"]
[EventDate "2008.??.??"]
[SourceTitle "OM Portal C 201906"]
[Source "Opening Master"]
[SourceDate "2019.06.27"]
[SourceVersion "1"]
[SourceVersionDate "2019.06.27"]
[SourceQuality "1"]

1. e4 e5 2. Nf3 Nc6 3. c3 d5 4. Qa4 Qd6 5. Bb5 Bd7 6. exd5 Qxd5 7. O-O O-O-O 8.
Bc4 Qc5 9. Bxf7 Nh6 10. Bb3 Kb8 11. Qe4 Bf5 12. Qh4 Bd3 13. Re1 Be7 14. Qh5
Rhf8 15. Ba4 b5 16. b4 Qb6 17. Bxb5 Rf5 18. Qxf5 Nxf5 19. Bxc6 Qxc6 20. Nxe5
Qd5 21. Nxd3 Qxd3 22. a4 Bg5 23. Re5 Rf8 24. Rb5+ Ka8 25. g4 Ne3 26. dxe3 Qd1+
27. Kg2 Qf3+ 28. Kg1 Qxf2+ 29. Kh1 Qf1# 0-1

[Event "PAR-ch"]
[Site "Asuncion"]
[Date "2008.06.15"]
[Round "6"]
[White "Zarza Pelissier, Ronald"]
[Black "Sartori, Spartaco"]
[Result "0-1"]
[WhiteElo "2075"]
[BlackElo "2182"]
[PlyCount "62"]
[EventDate "2008.05.31"]
[EventType "swiss"]
[EventRounds "11"]
[EventCountry "PAR"]
[SourceTitle "CBM 124 Extra"]
[Source "ChessBase"]
[SourceDate "2008.07.03"]
[SourceVersion "1"]
[SourceVersionDate "2008.07.03"]
[SourceQuality "1"]

1. e4 e5 2. Nf3 Nc6 3. c3 Nf6 4. d4 exd4 5. e5 Nd5 6. cxd4 Bb4+ 7. Bd2 Bxd2+ 8.
Qxd2 O-O 9. Bc4 Nb6 10. Bb3 d5 11. O-O a5 12. h3 a4 13. Bc2 Nc4 14. Qd3 g6 15.
Qc3 Qe7 16. Nbd2 Qb4 17. Nxc4 Qxc4 18. Qd2 Kg7 19. b3 Qb4 20. Qf4 a3 21. h4 Qe7
22. h5 h6 23. Nh4 Qg5 24. Qh2 Nxd4 25. f4 Qxh5 26. Bd1 Bg4 27. Bxg4 Qxg4 28.
Rad1 Ne2+ 29. Kf2 Nc3 30. Rc1 Ne4+ 31. Kg1 Ng3 0-1

[Event "Ch (seniors) (open)"]
[Site "Bergen (Germany)"]
[Date "2008.06.13"]
[Round "7"]
[White "Babichev, Vyacheslav"]
[Black "Pidtoptanyy, Igor"]
[Result "1-0"]
[WhiteElo "1770"]
[BlackElo "1948"]
[PlyCount "77"]
[EventDate "2008.??.??"]
[EventRounds "9"]
[EventCountry "NOR"]
[SourceTitle "OM OTB B 201907"]
[Source "Opening Master"]
[SourceDate "2019.07.06"]
[SourceVersion "2"]
[SourceVersionDate "2019.07.06"]
[SourceQuality "1"]

1. e4 e5 2. Nf3 Nc6 3. c3 Nf6 4. d4 exd4 5. e5 Ne4 6. Bd3 Nc5 7. cxd4 Nxd3+ 8.
Qxd3 Bb4+ 9. Nc3 d5 10. a3 Be7 11. Be3 O-O 12. h3 Na5 13. Nd2 b6 14. b4 Nb7 15.
Nb3 a5 16. b5 a4 17. Nd2 f6 18. O-O Be6 19. f4 fxe5 20. fxe5 Rxf1+ 21. Qxf1 Qd7
22. Qd1 Nd8 23. Nf3 Nf7 24. Qe2 g5 25. Nh2 Nh6 26. g4 Nf7 27. Kh1 Kg7 28. Nf3
h5 29. Nh2 hxg4 30. Nxg4 Bxg4 31. Qxg4 Qxg4 32. hxg4 Nh6 33. Nxd5 Nxg4 34. Bg1
Kf7 35. Rf1+ Nf6 36. Nxe7 Kxe7 37. Rxf6 Ra5 38. Rc6 Rxb5 39. Rxc7+ 1-0

[Event "FICS rated standard game"]
[Site "FICS freechess.org"]
[Date "2008.06.05"]
[Round "?"]
[White "LochChessMonster"]
[Black "Symbolic"]
[Result "1/2-1/2"]
[WhiteElo "2389"]
[BlackElo "2382"]
[PlyCount "204"]
[EventDate "2008.??.??"]
[SourceTitle "OM Portal C 201906"]
[Source "Opening Master"]
[SourceDate "2019.06.27"]
[SourceVersion "1"]
[SourceVersionDate "2019.06.27"]
[SourceQuality "1"]

1. e4 Nc6 2. Nf3 e5 3. c3 Nf6 4. Bb5 a6 5. Bxc6 dxc6 6. Nxe5 Bd6 7. d4 Qe7 8.
f3 Bxe5 9. dxe5 Qxe5 10. O-O Be6 11. Be3 O-O 12. Bd4 Qf4 13. Qd2 Nh5 14. b3
Rac8 15. Be3 Qf6 16. f4 Rcd8 17. Qf2 Rfe8 18. f5 Bc8 19. Bd4 Rxd4 20. Qxd4
Qxd4+ 21. cxd4 Rxe4 22. Nc3 Re3 23. Rfe1 Rxe1+ 24. Rxe1 Nf6 25. Ne4 Nxe4 26.
Rxe4 Kf8 27. g4 f6 28. Kf2 g6 29. fxg6 hxg6 30. h4 f5 31. Rf4 Kg7 32. gxf5 Bxf5
33. h5 Bb1 34. hxg6 Kxg6 35. a3 Bf5 36. Ke3 a5 37. Kd2 Kf6 38. Kc3 Kg5 39. Rf1
Kf6 40. a4 Ke6 41. Re1+ Kf6 42. Rf1 Kg6 43. Rf3 Kf6 44. Rf2 Ke6 45. Re2+ Kf6
46. Re8 b6 47. b4 axb4+ 48. Kxb4 Kf7 49. Re3 Be6 50. a5 bxa5+ 51. Kc5 Bd5 52.
Ra3 Ke8 53. Rxa5 Kd7 54. Ra7 Bg2 55. Ra8 Be4 56. Rg8 Bd5 57. Rh8 Bf3 58. Rh3
Be4 59. Rh8 Bd5 60. Rf8 Be4 61. Rh8 Bd3 62. Rh3 Be4 63. Rh6 Bf3 64. Rh7+ Kc8
65. Rg7 Be4 66. Re7 Bd5 67. Re3 Kd7 68. Re5 Be6 69. Re4 Bd5 70. Re3 Kc8 71.
Re8+ Kd7 72. Re1 Bf3 73. Re5 Bg4 74. Rg5 Bf3 75. Rg7+ Kc8 76. Rf7 Bd5 77. Re7
Kb7 78. Rg7 Bb3 79. Rg2 Bd5 80. Rb2+ Ka7 81. Rb1 Ka6 82. Rb8 Ka7 83. Rh8 Kb7
84. Rh4 Kc8 85. Rh3 Kd7 86. Rh8 Be4 87. Rf8 Bd5 88. Rf6 Kc8 89. Rf1 Kd7 90. Rb1
Be4 91. Rb2 Kc8 92. Rh2 Kd7 93. Rf2 Bd5 94. Rb2 Be6 95. Rg2 Bd5 96. Rg1 Be4 97.
Rg3 Kd8 98. Rg7 Kc8 99. Kb4 Kb7 100. Rg4 Bf5 101. Rg7 Kb6 102. Kc3 Be6 1/2-1/2

[Event "Corsica-ch"]
[Site "Corsica"]
[Date "2008.06.01"]
[Round "2"]
[White "Orsoni, Jean Philippe"]
[Black "Cristofari, Antoine"]
[Result "0-1"]
[WhiteElo "1887"]
[BlackElo "2141"]
[PlyCount "56"]
[EventDate "2008.05.31"]
[EventType "swiss"]
[EventRounds "9"]
[EventCountry "FRA"]
[SourceTitle "EXT 2009"]
[Source "ChessBase"]
[SourceDate "2008.11.26"]
[SourceVersion "1"]
[SourceVersionDate "2008.11.26"]
[SourceQuality "1"]

1. e4 e5 2. Nf3 Nc6 3. c3 d5 4. Bb5 Qd6 5. d4 exd4 6. e5 Qg6 7. O-O Bh3 8. Ng5
Bf5 9. e6 fxe6 10. Re1 h6 11. Nf3 Bd6 12. Nxd4 Nge7 13. Nxf5 Qxf5 14. Qe2 e5
15. Nd2 O-O 16. Nb3 a6 17. Bd3 e4 18. Bc2 Qe5 19. g3 Qf6 20. Be3 Ne5 21. Nd2
N7g6 22. Rad1 Rad8 23. Bb3 c6 24. Nxe4 Nf3+ 25. Kh1 Qf5 26. Nxd6 Qh3 27. Qxf3
Rxf3 28. Bc5 Rxd6 0-1